000 00558nam a2200181Ia 4500
008 100921s9999 xx 000 0 und d
082 _b13812
_a820 ढ 93
100 _aPoole Stainley.
245 _aRulers Of India.
260 _bऑक्सफर्ड युनिव्हरसीटी प्रेस ,लंडन.
_c1893
300 _a212
_b---
365 _b0
520 _aललित इंग्रजी.
630 _aRulers Of India.
650 _aललित इंग्रजी.
730 _aRulers Of India.
942 _cBOOK
999 _c762925
_d762922